banner-ar

الكتاب الابيض لابخازيا : (Record no. 48478)

MARC details
000 -الفاتح
حقل البيانات ثابتة الطول 00864nam a2200241Ia 4500
008 - عناصر البيانات ثابتة الطول - معلومات عامة
حقل البيانات ثابتة الطول 140319s9999 xx 000 0 ara d
040 ## - مصدر الفهرسة
وكالة الفهرسة الأصلية GCL /
وكالة النسخ GCL
082 04 - رقم تصنيف ديوى العشرى
رقم التصنيف 947.02
رقم المادة ف ك
100 1# - المدخل الرئيسى - إسم شخصى
الإسم الشخصى فورنوف، يورى
245 10 - بيان العنوان
العنوان الكتاب الابيض لابخازيا :
بقية العنوان وثائق وشواهد الحرب الابخازية - الجورجية /
بيان المسئوليه,etc فورنوف، يورى
700 1# - المدخل الاضافى - اسم شخصى
الإسم الشخصى فلورينسكى، ب . ف
700 1# - المدخل الاضافى - اسم شخصى
الإسم الشخصى شوتوفا، ا
700 1# - المدخل الاضافى - اسم شخصى
الإسم الشخصى تيسير كم نقش
700 1# - المدخل الاضافى - اسم شخصى
الإسم الشخصى احمد باكير
300 ## - الوصف المادى
التعداد 173 ص
650 04 - المدخل الاضافى بالموضوع-مصطلح موضوعى
مصطلح موضوعي جرائم الحرب
650 04 - المدخل الاضافى بالموضوع-مصطلح موضوعى
مصطلح موضوعي الجمهوريات السوفيتية
650 04 - المدخل الاضافى بالموضوع-مصطلح موضوعى
مصطلح موضوعي ابخازيا - تاريخ
650 04 - المدخل الاضافى بالموضوع-مصطلح موضوعى
مصطلح موضوعي جورجيا - تاريخ
650 04 - المدخل الاضافى بالموضوع-مصطلح موضوعى
مصطلح موضوعي الاتحاد السوفيتى - تاريخ - العصرالحديث - تفكك
942 ## - عناصر المدخل الإضافي( كوها)
مصدر التصنيف او مخطط الترفيف Dewey Decimal Classification
Koha [default] item type كتاب
Holdings
حالة التراجع حالة الفقد حالة تلف ليس للاعارة المكان المؤقت الموقع الحالى تاريخ الاكتساب اجمالي اﻻعارات رقم الطلب الباركود تاريخ اخر مشاهدة تاريخ تفعيل السعر نوع وعاء كوها
        مكتبة القاهرة الكبرى مكتبة القاهرة الكبرى 03/26/2014   947.02\ف ك 117073 03/26/2014 03/26/2014 كتاب
        مكتبة القاهرة الكبرى مكتبة القاهرة الكبرى 03/26/2014   947.02\ف ك 117074 03/26/2014 03/26/2014 كتاب
        مكتبة القاهرة الكبرى مكتبة القاهرة الكبرى 03/26/2014   947.02\ف ك 117075 03/26/2014 03/26/2014 كتاب
        مكتبة القاهرة الكبرى مكتبة القاهرة الكبرى 03/26/2014   947.02\ف ك 117076 03/26/2014 03/26/2014 كتاب

Powered By

EGPV